Top 10 NFL Players at each position - Statistics

General Stats
  • This quiz has been taken 25 times
  • The average score is 9 of 10
Answer Stats
QB Answer RB Answer WR Answer TE Answer % Correct
Bills Josh allen Eagles saquon barkley Bengals Jamar chase Raiders Brock bowers
100%
Eagles Jalen hurts Packers Josh jacobs Eagles aj brown Lions Sam laporta
96%
Bengals Joe burrow Falcons bijan robinson Lions amon ra st brown Chiefs Travis kelce
96%
Ravens Lamar jackson Lions jahmr gibbs Vikings Justin Jefferson 49ers george kittle
96%
Chiefs Patrick mahomes Ravens Derick henry Cowboys ceedee lamb Cardinals trey mcbride
96%
Bucaneers Baker mayfield Texans Nico collins
91%
Lions Jared goff
91%
Commanders Jayden daniels
91%
Chargers Justin herbert
91%
Rams Matthew stafford
87%
No matching quizzes found
Score Distribution
Percent of People with Each Score
Percentile by Number Answered
Your Score History
You have not taken this quiz